Prievidza fontána v parku pred budovou ONV, ...
| Format: | Image |
|---|---|
| Language: | English |
| PhysicalDescription: | 1 s. |
| Published: |
Bratislava
Pravda
1980
|
MARC
| LEADER | 00000nkm a2200000 a 4500 | ||
|---|---|---|---|
| 001 | vtls008187975 | ||
| 003 | SK-MaSNL | ||
| 005 | 20260223223916.0 | ||
| 008 | 200701 000 vleng | ||
| 040 | |a SNK |b slo |c SNK |e AACR2 | ||
| 245 | 1 | 0 | |a Prievidza |h grafika |b fontána v parku pred budovou ONV, ... |
| 260 | |a Bratislava |b Pravda |c 1980 | ||
| 300 | |a 1 s. | ||
| 500 | |a pohľadnica | ||
| 958 | |a GBN | ||
| 999 | |c 733949 |d 735879 | ||
| 952 | |a SNK |b SNK |y PREZ |7 0 |p 17A0481489 |o snkSP 71787 D1 |3 rekatalogizácia |0 0 |1 0 |4 0 |d 2005-08-04 |l 0 |r 2026-02-23 22:39:16 |w 2026-02-23 | ||


